Ekistics: An introduction to the science of human settlements (Record no. 11326)

000 -LEADER
fixed length control field 00457nam a2200157Ia 4500
003 - CONTROL NUMBER IDENTIFIER
control field OSt
005 - DATE AND TIME OF LATEST TRANSACTION
control field 20230315192044.0
008 - FIXED-LENGTH DATA ELEMENTS--GENERAL INFORMATION
fixed length control field 230307s9999 xx 000 0 und d
020 ## - INTERNATIONAL STANDARD BOOK NUMBER
International Standard Book Number 090803000
028 ## - PUBLISHER NUMBER
Source Hutchinson & Co. (Publishers) Ltd.
082 ## - DEWEY DECIMAL CLASSIFICATION NUMBER
Classification number 307.76
Item number DOX
100 ## - MAIN ENTRY--PERSONAL NAME
Personal name Constantinos Apostolou Doxiadis
245 #0 - TITLE STATEMENT
Title Ekistics: An introduction to the science of human settlements
260 ## - PUBLICATION, DISTRIBUTION, ETC. (IMPRINT)
Place of publication, distribution, etc New York
Name of publisher, distributor, etc Hutchinson of London
Date of publication, distribution, etc 1968
942 ## - ADDED ENTRY ELEMENTS (KOHA)
Source of classification or shelving scheme
Holdings
Withdrawn status Lost status Source of classification or shelving scheme Damaged status Koha normalized classification for sorting Not for loan Permanent location Current location Date acquired Source of acquisition Cost, normal purchase price Total Checkouts Full call number Barcode Date last seen Date last borrowed Cost, replacement price Price effective from Koha item type
        307_760000000000000_DOX   BMS College of Architecture, Design and Planning BMS College of Architecture, Design and Planning 2023-03-16 10 22149.00 5 307.76 DOX AR-UG2977 2025-03-20 2025-02-27 32100.00 2023-03-16 UG Books
Copyright © 2025, The Librarian, Library and Information Centre, BMSCA D&P, Bengaluru. All Rights Reserved
web counter

Powered by Koha